[Event "FIDE Online Olympiad"]
[Site "Chess.com"]
[Date "2020.08.14"]
[EventDate "2020.08.14"]
[Round "3"]
[Result "0-1"]
[White "Annagozel Mekanova"]
[Black "Kseniya Zeliantsova"]
[WhiteElo "1691"]
[BlackElo "1923"]
[PlyCount "140"]

1. e4 d6 2. d4 Nf6 3. Nc3 g6 4. Nf3 Bg7 5. Bc4 O-O 6. h3 c5
7. O-O cxd4 8. Nxd4 Nc6 9. Be3 Bd7 10. Nce2 Nxe4 11. c3 Rc8
12. Bd5 Nf6 13. Nxc6 Bxc6 14. Bxc6 bxc6 15. Qa4 a5 16. Nd4 c5
17. Nb3 Ra8 18. Rfd1 Qc7 19. Rab1 Nd7 20. Qh4 Ne5 21. Nd2 d5
22. Bf4 Qd7 23. Qg3 Qf5 24. Nb3 Rac8 25. Rbc1 Rfd8 26. Nxa5 c4
27. Bxe5 Bxe5 28. Qg4 Qxg4 29. hxg4 Rd7 30. b4 cxb3 31. axb3
Rxc3 32. Nc6 Rxc1 33. Rxc1 Bf4 34. Rd1 Rc7 35. Nb4 e6 36. Nd3
Bd6 37. b4 Rc3 38. Kf1 Rb3 39. Ke2 Bxb4 40. Rc1 Kg7 41. Rc7
Bc3 42. g5 e5 43. Nc5 Rb8 44. Nd7 Rb2+ 45. Kd3 Ba5 46. Ra7 Bd8
47. f3 e4+ 48. fxe4 dxe4+ 49. Kxe4 Bxg5 50. Ne5 Rf2 51. g3 h5
52. Nf3 Bf6 53. Rb7 Re2+ 54. Kf4 Ra2 55. Rb4 Ra3 56. Rc4 Rb3
57. Ra4 Be7 58. Ra6 Rd3 59. Ke4 Rd1 60. Ra7 Bd6 61. Rd7 Kf6
62. Nd4 Bxg3 63. Rb7 Re1+ 64. Kf3 Be5 65. Rb6+ Kg7 66. Ne2 h4
67. Rb4 h3 68. Rh4 h2 69. Kf2 h1=Q 70. Rxh1 Rxh1 0-1

[Event "FIDE Online Olympiad"]
[Site "Chess.com"]
[Date "2020.08.14"]
[EventDate "2020.08.14"]
[Round "3"]
[Result "0-1"]
[White "Annelies Cuvelier"]
[Black "Rani Hamid"]
[WhiteElo "1696"]
[BlackElo "2006"]
[PlyCount "88"]

1. e4 c5 2. Nf3 e6 3. d4 cxd4 4. Nxd4 a6 5. Nc3 Qc7 6. Be2 Nf6
7. O-O Nc6 8. Nxc6 bxc6 9. f4 d5 10. e5 Nd7 11. Kh1 Be7
12. Bd3 c5 13. Qg4 g6 14. Bd2 Bb7 15. Be1 c4 16. Be2 h5
17. Qh3 d4 18. Na4 Be4 19. Bf3 Bf5 20. g4 Bxc2 21. Bxa8 Bxa4
22. Rc1 O-O 23. Bf3 hxg4 24. Qxg4 Kg7 25. b3 Bb5 26. a4 Ba3
27. Rc2 d3 28. Ra2 cxb3 29. Rxa3 d2 30. Bxd2 Bxf1 31. Bb4 b2
32. Bxf8+ Kxf8 33. Rb3 Qc1 34. Qg5 Bc4+ 35. Kg2 Qf1+ 36. Kg3
Qg1+ 37. Bg2 Qe1+ 38. Kh3 Bxb3 39. Qd8+ Kg7 40. Qxd7 Qe3+
41. Kg4 b1=Q 42. Qd8 Bd1+ 43. Kh4 Qxf4+ 44. Kh3 Qg4# 0-1

[Event "FIDE Online Olympiad"]
[Site "Chess.com"]
[Date "2020.08.14"]
[EventDate "2020.08.14"]
[Round "3"]
[Result "0-1"]
[White "Sharmin Shirin Sultana"]
[Black "Diana Musabayeva"]
[WhiteElo "2140"]
[BlackElo "1517"]
[PlyCount "98"]

1. d4 Nf6 2. c4 e6 3. Nc3 Bb4 4. Nf3 O-O 5. Bg5 h6 6. Bh4 Re8
7. e3 Bxc3+ 8. bxc3 d6 9. Be2 Nbd7 10. O-O e5 11. Qc2 b6
12. Rfd1 Qe7 13. Nd2 Bb7 14. Bf3 Bxf3 15. Nxf3 Nf8 16. c5 bxc5
17. dxe5 dxe5 18. Qa4 Ng6 19. Bxf6 Qxf6 20. Qc4 Qe7 21. Rd5
Rad8 22. Rxc5 Rd7 23. h3 Red8 24. Kh2 Qd6 25. Kg1 Qe7 26. Rc6
Kh8 27. Qc5 Rd1+ 28. Rxd1 Rxd1+ 29. Kh2 e4 30. Nd4 Qxc5
31. Rxc5 Rd2 32. Kg3 Rxa2 33. Rxc7 Ne5 34. Re7 Ra5 35. Kf4
Ng6+ 36. Kxe4 Nxe7 37. c4 Rc5 38. Kd3 a5 39. Nb3 Re5 40. Kd4
Nc6+ 41. Kc3 a4 42. Nd2 Kg8 43. Nf3 Rf5 44. Kb2 Ne5 45. Ka3
Nxf3 46. gxf3 Rxf3 47. Kxa4 Rxf2 48. Kb3 Kf8 49. c5 Ke7 0-1

[Event "FIDE Online Olympiad"]
[Site "Chess.com"]
[Date "2020.08.14"]
[EventDate "2020.08.14"]
[Round "3"]
[Result "0-1"]
[White "Anton Smirnov"]
[Black "Aleksander Petkov Delchev"]
[WhiteElo "2367"]
[BlackElo "2630"]
[PlyCount "106"]

1. e4 e5 2. Nf3 Nc6 3. Bb5 a6 4. Ba4 Nf6 5. O-O Nxe4 6. d4 Be7
7. Re1 b5 8. Rxe4 d5 9. Nxe5 Nxe5 10. Rxe5 bxa4 11. Nc3 O-O
12. Nxa4 Bd6 13. Re1 Qh4 14. g3 Qh3 15. Nc3 Bg4 16. Qd3 c6
17. Qf1 Qh5 18. Bd2 Qg6 19. f3 Bf5 20. Ne2 Bxc2 21. Nf4 Bxf4
22. Bxf4 a5 23. Qf2 a4 24. Re3 Bd3 25. Rae1 Bc4 26. a3 f6
27. Re7 Rfe8 28. Qe3 Rxe7 29. Qxe7 h5 30. Qe6+ Kh7 31. Qxc6
Ra6 32. Qc8 Rb6 33. Bc1 Qd3 34. Qh3 Qxf3 35. Qg2 Qf5 36. Qf2
Qg4 37. Re3 Qd1+ 38. Re1 Qd3 39. Kg2 Qg6 40. h3 Bd3 41. Kh2
Be4 42. Bf4 Rc6 43. Rc1 Rxc1 44. Bxc1 Qe8 45. Qe2 Kg6 46. Qe1
Qc8 47. Qc3 Qf5 48. Kg1 Bd3 49. Qe1 Qxh3 50. Qf2 Be4 51. Qh2
Qg4 52. Be3 Qd1+ 53. Kf2 Qf3+ 0-1

[Event "FIDE Online Olympiad"]
[Site "Chess.com"]
[Date "2020.08.14"]
[EventDate "2020.08.14"]
[Round "3"]
[Result "0-1"]
[White "Tsvetan Stoyanov"]
[Black "Max Illingworth"]
[WhiteElo "2039"]
[BlackElo "2498"]
[PlyCount "94"]

1. e4 c6 2. c4 d5 3. exd5 cxd5 4. cxd5 Nf6 5. Bb5+ Nbd7 6. Nf3
a6 7. Ba4 b5 8. Bb3 Bb7 9. O-O Nxd5 10. Nc3 N7f6 11. a4 e6
12. axb5 axb5 13. Rxa8 Qxa8 14. Nxb5 Bb4 15. d3 O-O 16. Bd2
Rd8 17. Re1 Qa5 18. Bc4 Nb6 19. Bxb4 Qxb4 20. Qd2 Qxd2
21. Nxd2 Nxc4 22. Nxc4 Rxd3 23. Nbd6 Ba6 24. Ra1 g5 25. f3
Bxc4 26. Nxc4 Rd5 27. Ra5 Rd1+ 28. Kf2 Nd5 29. Kg3 f6 30. b3
Rb1 31. Ra6 Kf7 32. Nd6+ Kg6 33. Ne4 Nf4 34. h4 h6 35. hxg5
hxg5 36. Nd2 Rg1 37. Kf2 Rxg2+ 38. Ke1 Kf5 39. b4 Nd3+ 40. Kd1
Nxb4 41. Ra5+ Nd5 42. Nc4 Rf2 43. Nd6+ Kf4 44. Ke1 Kxf3
45. Ra3+ Ne3 46. Rxe3+ Kxe3 47. Nc4+ Kf3 0-1

[Event "FIDE Online Olympiad"]
[Site "Chess.com"]
[Date "2020.08.14"]
[EventDate "2020.08.14"]
[Round "1"]
[Result "0-1"]
[White "Kertu Karba"]
[Black "Rozana Gjergji"]
[WhiteElo "1086"]
[BlackElo "1928"]
[Source "Chess-Results"]
[PlyCount "62"]

1. e4 e5 2. Nf3 Nc6 3. Bc4 Be7 4. d3 Nf6 5. O-O O-O 6. Bg5 d6
7. h3 Na5 8. Bb3 Nxb3 9. axb3 Be6 10. Nc3 c6 11. b4 Qc7
12. Be3 b6 13. b5 c5 14. b3 d5 15. exd5 Nxd5 16. Nxd5 Bxd5
17. Re1 Bd6 18. Nd2 f5 19. Nc4 f4 20. Nxd6 Qxd6 21. Bd2 f3
22. c4 Be6 23. gxf3 Bxh3 24. Kh2 e4+ 25. Kxh3 Rxf3+ 26. Kg2
Qg6+ 27. Kf1 Raf8 28. Be3 Qh5 29. Qd2 Rh3 30. f4 Qf3+ 31. Kg1
Rh1# 0-1

[Event "FIDE Online Olympiad"]
[Site "Chess.com"]
[Date "2020.08.14"]
[EventDate "2020.08.14"]
[Round "3"]
[Result "0-1"]
[White "Kertu Karba"]
[Black "Rosa Ratsma"]
[WhiteElo "1086"]
[BlackElo "2306"]
[Source "Chess-Results"]
[PlyCount "94"]

1. e4 c5 2. Nf3 d6 3. g3 Nf6 4. Nc3 Nc6 5. d3 g6 6. Bg2 Bg7
7. O-O O-O 8. Rb1 Rb8 9. Be3 b5 10. a3 a5 11. b3 b4 12. axb4
axb4 13. Nd5 Ng4 14. Bd2 e6 15. Ne3 Nf6 16. Bc1 d5 17. exd5
Nxd5 18. Nxd5 exd5 19. Bb2 Bxb2 20. Rxb2 Ra8 21. Re1 Bg4
22. Qd2 Qf6 23. Rbb1 Bxf3 24. Bxf3 Qxf3 25. Qe3 Qxe3 26. Rxe3
Ra2 27. Rc1 Nd4 28. Kg2 Rxc2 29. Rxc2 Nxc2 30. Re5 Rd8 31. Re2
Nd4 32. Re1 Nxb3 33. d4 Nxd4 34. Rc1 c4 35. Rd1 Nb3 36. Rb1 d4
37. Rd1 d3 38. Rb1 d2 39. Rf1 d1=Q 40. Rxd1 Rxd1 41. h3 c3
42. h4 c2 43. Kh3 c1=Q 44. Kg4 Rd4+ 45. f4 h5+ 46. Kg5 Kg7
47. g4 f6# 0-1

[Event "FIDE Online Olympiad"]
[Site "Chess.com"]
[Date "2020.08.15"]
[EventDate "2020.08.14"]
[Round "4"]
[Result "0-1"]
[White "Asyl Abdyjapar"]
[Black "Aleksander Petkov Delchev"]
[WhiteElo "2390"]
[BlackElo "2630"]
[PlyCount "142"]

1. d4 d5 2. Bf4 Nf6 3. e3 e6 4. Nf3 Bd6 5. Nbd2 O-O 6. Bd3 c5
7. Bg3 Nc6 8. c3 b6 9. Qe2 Bb7 10. Rd1 Re8 11. e4 Be7 12. e5
Nh5 13. a3 g6 14. Nf1 cxd4 15. cxd4 f5 16. exf6 Bxf6 17. Ne3
e5 18. dxe5 Nxg3 19. hxg3 Nxe5 20. Nxe5 Rxe5 21. O-O Qe7
22. Qg4 Bg7 23. Rfe1 Kh8 24. Nc2 Rf8 25. b4 Qf6 26. Rxe5 Qxe5
27. Re1 Qf6 28. Re2 Bc8 29. Qh4 Qxh4 30. gxh4 Bf6 31. g3 Bg4
32. Re1 d4 33. Kg2 Rc8 34. b5 Rc3 35. Nb4 Rxa3 36. Re8+ Kg7
37. Be4 Rb3 38. Nd5 d3 39. Ne3 d2 40. Bc2 Rxe3 41. fxe3 d1=Q
42. Bxd1 Bxd1 43. Ra8 Be7 44. Rxa7 Kf6 45. Kf2 h5 46. e4 Bc5+
47. Kg2 Be2 48. Ra8 Bxb5 49. Kf3 Bd7 50. Rd8 Ke7 51. Rg8 Kf7
52. Rd8 Bg4+ 53. Kf4 Ke7 54. Rg8 Kf7 55. Rd8 Ke6 56. e5 b5
57. Re8+ Kd5 58. Rd8+ Kc4 59. Re8 b4 60. e6 b3 61. e7 b2
62. Rb8 Bd6+ 63. Kg5 Bxb8 64. e8=Q b1=Q 65. Qg8+ Kd4 66. Qd8+
Ke3 67. Qe7+ Kf2 68. Qc5+ Kg2 69. Qd5+ Kh3 70. Kh6 Bxg3
71. Qc6 Bxh4 0-1

[Event "FIDE Online Olympiad"]
[Site "Chess.com"]
[Date "2020.08.15"]
[EventDate "2020.08.14"]
[Round "4"]
[Result "0-1"]
[White "Diana Omurbekova"]
[Black "Adriana Nikolova"]
[WhiteElo "1658"]
[BlackElo "2276"]
[PlyCount "60"]

1. e4 c6 2. d4 d5 3. Nd2 dxe4 4. Nxe4 Nf6 5. Nxf6+ exf6 6. c3
Bd6 7. Bd3 O-O 8. Qh5 Re8+ 9. Ne2 g6 10. Qh4 Bf8 11. Bh6 Nd7
12. O-O-O Qa5 13. Kb1 Bg7 14. Bxg7 Kxg7 15. f4 Nf8 16. g4 Be6
17. a3 Bd5 18. Rhf1 Re3 19. g5 f5 20. Qh6+ Kg8 21. Ng3 Rae8
22. Bxf5 Rxg3 23. hxg3 gxf5 24. Qf6 Re6 25. Rde1 Rxf6 26. gxf6
Be4+ 27. Ka1 Nd7 28. g4 Nxf6 29. gxf5 Qxf5 30. Rh1 Bxh1 0-1

[Event "FIDE Online Olympiad"]
[Site "Chess.com"]
[Date "2020.08.15"]
[EventDate "2020.08.14"]
[Round "4"]
[Result "0-1"]
[White "Rani Hamid"]
[Black "Zhang Jilin"]
[WhiteElo "2006"]
[BlackElo "2246"]
[PlyCount "122"]

1. e4 c5 2. Nf3 d6 3. d4 cxd4 4. Nxd4 Nf6 5. Nc3 a6 6. Be2 e5
7. Nf3 Be7 8. Bg5 Nbd7 9. O-O b5 10. a3 Bb7 11. Bxf6 Nxf6
12. Qd3 O-O 13. Rad1 Rc8 14. h3 Nd7 15. Qe3 Qc7 16. Rfe1 Nb6
17. Nd2 h6 18. Nb3 Bg5 19. Qg3 Rcd8 20. h4 Bf6 21. Qg4 Rfe8
22. g3 Na4 23. Nxa4 bxa4 24. Nd2 Qxc2 25. Nc4 d5 26. exd5 Bc8
27. Qf3 e4 28. Qe3 Qb3 29. Qxb3 axb3 30. Rd2 Bd7 31. Na5 e3
32. fxe3 Rxe3 33. Kf2 Rde8 34. Red1 Kf8 35. Bf3 R3e5 36. Nc4
Rf5 37. Kg2 Be5 38. Bg4 Bb8 39. Bxf5 Bxf5 40. d6 Rd8 41. Ne3
Be4+ 42. Kf2 Ba7 43. Ke2 Bg6 44. g4 f6 45. d7 h5 46. Nf5 hxg4
47. Ng3 Bb8 48. h5 Bf7 49. Nf5 Bxh5 50. Kf1 g3 51. Re1 Bf7
52. Kg2 Bf4 53. Nxg3 Bxd2 54. Rd1 Bf4 55. Ne4 Bh5 56. Rd5 Bg4
57. Nc5 Be3 58. Nxa6 Rxd7 59. Rb5 Be6 60. Rb8+ Kf7 61. Rb6
Bxb6 0-1

[Event "FIDE Online Olympiad"]
[Site "Chess.com"]
[Date "2020.08.15"]
[EventDate "2020.08.14"]
[Round "4"]
[Result "0-1"]
[White "Lennert Lenaerts"]
[Black "Saparmyrat Atabayev"]
[WhiteElo "2350"]
[BlackElo "2359"]
[PlyCount "84"]

1. d4 d5 2. c4 e5 3. dxe5 d4 4. Nf3 Nc6 5. Nbd2 Nge7 6. Nb3
Nf5 7. e4 dxe3 8. Qxd8+ Nxd8 9. fxe3 Nc6 10. Bd2 Be6 11. Nbd4
Bc5 12. Nxc6 bxc6 13. Kf2 O-O-O 14. Re1 h5 15. Bc3 h4 16. b4
Be7 17. Be2 c5 18. b5 Rhg8 19. Rd1 Rxd1 20. Rxd1 g5 21. h3 Ng3
22. Nd2 Nxe2 23. Kxe2 g4 24. hxg4 Bxg4+ 25. Nf3 Be6 26. Kf2
Bxc4 27. a4 Bb3 28. Ra1 Rg4 29. a5 Rc4 30. Rc1 Ra4 31. Nd2 Ra2
32. Kf3 Bd5+ 33. e4 Be6 34. Nf1 Ra3 35. Ne3 Rb3 36. Nd5 Bg5
37. Rc2 Rxb5 38. Rb2 c6 39. Nf4 Bc4 40. Kg4 Bd8 41. Nh5 Rxb2
42. Bxb2 Be2+ 0-1

[Event "FIDE Online Olympiad"]
[Site "Chess.com"]
[Date "2020.08.15"]
[EventDate "2020.08.14"]
[Round "4"]
[Result "0-1"]
[White "Aliaksandra Tarasenka"]
[Black "Kylen Joy Mordido"]
[WhiteElo "1827"]
[BlackElo "1923"]
[PlyCount "142"]

1. e4 c5 2. Nf3 e6 3. c3 d5 4. exd5 Qxd5 5. d4 Nf6 6. Be3 cxd4
7. cxd4 Nc6 8. Nc3 Bb4 9. Bd3 O-O 10. O-O Bxc3 11. bxc3 b6
12. Qe2 Bb7 13. Rab1 Rac8 14. Rb5 Qd6 15. Rg5 Ne7 16. Ne5 Ng6
17. f4 Be4 18. Qc2 Nd5 19. Bxe4 Nxe3 20. Qd3 Nxf1 21. Kxf1 Qa3
22. Rg3 Qc1+ 23. Kf2 Qxf4+ 24. Rf3 Qxh2 25. Rh3 Qf4+ 26. Kg1
f5 27. Nxg6 hxg6 28. Bb7 Rc7 29. Ba6 Rd8 30. Rf3 Qc1+ 31. Kh2
Qh6+ 32. Kg1 Qh4 33. Bc4 Rd6 34. Re3 Kf7 35. Qe2 Re7 36. Bb3
Qh5 37. Qe1 Qg5 38. Qe2 Qf6 39. a4 Kf8 40. Qa6 Rd8 41. Qb5 g5
42. Qc6 Rde8 43. Qf3 g4 44. Qf2 g5 45. Re5 Rh7 46. Bc2 Rf7
47. Qe2 Qh6 48. d5 g3 49. Qf3 Qh2+ 50. Kf1 Qh1+ 51. Ke2 Qc1
52. Qd3 Qf4 53. Re3 Qf2+ 54. Kd1 e5 55. d6 Qxg2 56. d7 Rd8
57. Qd6+ Kg7 58. Qxe5+ Kh7 59. Bxf5+ Kg8 60. Qe8+ Kg7 61. Qxd8
Qf1+ 62. Kd2 Qf2+ 63. Re2 Qf4+ 64. Re3 Qxf5 65. Re7 Qf4+
66. Kc2 Qf5+ 67. Kb2 Qf2+ 68. Kb3 g2 69. Rxf7+ Qxf7+ 70. Kb4
g1=Q 71. Qe8 Qc5# 0-1

[Event "FIDE Online Olympiad"]
[Site "Chess.com"]
[Date "2020.08.15"]
[EventDate "2020.08.14"]
[Round "5"]
[Result "0-1"]
[White "Chelsie Monica Ignesias Sihite"]
[Black "Nastassia Ziaziulkina"]
[WhiteElo "2233"]
[BlackElo "2299"]
[PlyCount "100"]

1. e4 c5 2. Nf3 d6 3. d4 cxd4 4. Nxd4 Nf6 5. Nc3 a6 6. Be3 e6
7. f3 b5 8. Qd2 Bb7 9. O-O-O Nbd7 10. g4 h6 11. h4 b4 12. Nce2
d5 13. exd5 Nxd5 14. Nf4 Bc5 15. Nh5 Rg8 16. Bf2 Qb6 17. Rh2
O-O-O 18. Nb3 Bxf2 19. Qxf2 g6 20. Ng3 Qe3+ 21. Kb1 Qxf2
22. Rxf2 Ne3 23. Re1 Nxf1 24. Rfxf1 Nb6 25. Ne4 Nc4 26. Kc1
Rgf8 27. Nec5 Rd5 28. Re4 Rxc5 29. Nxc5 Bxe4 30. fxe4 a5
31. g5 hxg5 32. hxg5 Rh8 33. b3 Ne5 34. Kb2 Rh5 35. Rg1 Nf3
36. Rf1 Nxg5 37. e5 Rh2 38. Rg1 Nf3 39. Rd1 Nxe5 40. Ne4 Kc7
41. Nd6 g5 42. Ne8+ Kc6 43. Rd6+ Kc5 44. Ra6 g4 45. Rxa5+ Kd4
46. a3 bxa3+ 47. Rxa3 g3 48. Ra1 g2 49. Rd1+ Ke3 50. Nf6 Rh1
0-1

[Event "FIDE Online Olympiad"]
[Site "Chess.com"]
[Date "2020.08.15"]
[EventDate "2020.08.14"]
[Round "5"]
[Result "0-1"]
[White "Mihail Nikitenko"]
[Black "Aditya Bagus Arfan"]
[WhiteElo "2406"]
[BlackElo "1772"]
[PlyCount "64"]

1. c4 e5 2. g3 Nf6 3. Bg2 c6 4. d4 exd4 5. Qxd4 Na6 6. Nc3 Bc5
7. Qd3 d5 8. cxd5 Nb4 9. Qd1 Qb6 10. Na4 Bxf2+ 11. Kf1 Qd4
12. Qxd4 Bxd4 13. Nf3 Bb6 14. dxc6 Nxc6 15. Nxb6 axb6 16. Be3
Be6 17. a3 O-O 18. Bxb6 Rfe8 19. Rc1 Ra4 20. Nd2 Bd5 21. Bxd5
Nxd5 22. Bc5 Ne5 23. Kg2 h5 24. Rhe1 h4 25. b3 Rg4 26. Nf3
Nf4+ 27. Kf1 hxg3 28. hxg3 Rxg3 29. Bf2 Rh3 30. Ng1 Rxb3
31. Rc7 Ng4 32. Bb6 Rxb6 0-1

[Event "FIDE Online Olympiad"]
[Site "Chess.com"]
[Date "2020.08.15"]
[EventDate "2020.08.14"]
[Round "5"]
[Result "0-1"]
[White "Bin-Sattar Reefat"]
[Black "Momchil Petkov"]
[WhiteElo "2437"]
[BlackElo "1676"]
[PlyCount "50"]

1. e4 c5 2. b3 Nf6 3. e5 Nd5 4. Bb2 g6 5. Qf3 Nb4 6. Bc4 e6
7. Na3 Bg7 8. Qg3 d5 9. Be2 N8c6 10. f4 Nd4 11. Bd1 Nf5
12. Qf3 h5 13. c3 Nc6 14. Bc2 Bf8 15. Ne2 Be7 16. g3 Qa5
17. h3 Bd7 18. g4 Nh4 19. Qf2 O-O-O 20. O-O-O b5 21. d4 b4
22. cxb4 cxb4 23. Nb1 Qxa2 24. Rd2 Kb8 25. Rhd1 Rc8 0-1

[Event "FIDE Online Olympiad"]
[Site "Chess.com"]
[Date "2020.08.15"]
[EventDate "2020.08.14"]
[Round "5"]
[Result "0-1"]
[White "Samiha Shimmi Sharmin"]
[Black "Gabriela Antova"]
[WhiteElo "1852"]
[BlackElo "2110"]
[PlyCount "88"]

1. e4 c5 2. Nf3 d6 3. d4 cxd4 4. Nxd4 Nf6 5. Nc3 a6 6. Be3 e6
7. Be2 Be7 8. O-O Qc7 9. f4 O-O 10. Kh1 b5 11. a3 Bb7 12. Bd3
Nbd7 13. Qe1 Nb6 14. Rd1 Nc4 15. Bc1 Rac8 16. Bxc4 Qxc4 17. e5
dxe5 18. fxe5 Nd5 19. Ne4 Rcd8 20. c3 Kh8 21. Ng5 Bxg5
22. Bxg5 Rde8 23. Qh4 Qc7 24. Nf3 Ne7 25. Bxe7 Qxe7 26. Qxe7
Rxe7 27. Rd6 h6 28. Nd4 Kg8 29. Nc6 Rc7 30. Na5 Be4 31. Rxa6
Rc5 32. Nb3 Rxe5 33. Nd4 b4 34. Ra7 bxc3 35. bxc3 Bd5 36. h3
Re3 37. Rc1 Rxh3+ 38. Kg1 Rg3 39. Rc2 Rc8 40. Ne2 Rxg2+
41. Kf1 h5 42. Rc1 Rg5 43. a4 h4 44. Nf4 Rf5 0-1

[Event "FIDE Online Olympiad"]
[Site "Chess.com"]
[Date "2020.08.15"]
[EventDate "2020.08.14"]
[Round "5"]
[Result "0-1"]
[White "Anjum Noshin"]
[Black "Viktoria Radeva"]
[WhiteElo "1676"]
[BlackElo "2052"]
[PlyCount "118"]

1. e4 c5 2. Nf3 e6 3. d4 cxd4 4. Nxd4 a6 5. Nc3 Qc7 6. Bd3 Nf6
7. f4 d6 8. a4 b6 9. Be3 Bb7 10. O-O Nbd7 11. Qf3 g6 12. Rae1
Bg7 13. Kh1 O-O 14. Qh3 Nc5 15. Bg1 e5 16. Nb3 exf4 17. Nxc5
dxc5 18. e5 Nd5 19. Be4 Nxc3 20. Bxb7 Qxb7 21. bxc3 Rae8
22. e6 fxe6 23. Rxe6 Rxe6 24. Qxe6+ Kh8 25. Rf3 Qc7 26. c4 Be5
27. a5 bxa5 28. Qxa6 Rb8 29. Qe6 Rb1 30. Rb3 Rxb3 31. cxb3 Kg7
32. Qd5 Bd6 33. Bf2 Qe7 34. Qd3 Qe5 35. Kg1 Qa1+ 36. Qf1 Qxf1+
37. Kxf1 Kf6 38. Ke2 Kf5 39. Kf3 g5 40. h3 h5 41. Be1 Bc7
42. Bc3 g4+ 43. Kf2 Ke4 44. Ke2 gxh3 45. gxh3 f3+ 46. Kf1 Kd3
47. Bf6 Kc2 48. Kf2 Kxb3 49. Kxf3 Kxc4 50. Ke4 a4 51. Kf5 a3
52. Kg5 Ba5 53. Kxh5 Bc3 54. Bxc3 Kxc3 55. Kg6 a2 56. h4 a1=Q
57. h5 Qg1+ 58. Kf7 c4 59. h6 Qh2 0-1

[Event "FIDE Online Olympiad"]
[Site "Chess.com"]
[Date "2020.08.15"]
[EventDate "2020.08.14"]
[Round "6"]
[Result "0-1"]
[White "Aziz Degenbaev"]
[Black "Rahman Mohammad Fahad"]
[WhiteElo "1798"]
[BlackElo "2243"]
[PlyCount "86"]

1. c4 e6 2. Nc3 d5 3. d4 Bb4 4. Qa4+ Nc6 5. Nf3 Nf6 6. Bd2 O-O
7. e3 Bd7 8. Qc2 Re8 9. O-O-O Bf8 10. a3 a5 11. Rg1 a4 12. g4
dxc4 13. Bxc4 Na5 14. Bd3 Nb3+ 15. Kb1 g6 16. g5 Nd5 17. e4
Nxc3+ 18. Bxc3 b5 19. d5 exd5 20. exd5 b4 21. Bf6 Qb8 22. Ne5
Rxe5 23. Bxe5 Ra7 24. axb4 Qxb4 25. Qc4 Qb8 26. Bc2 Na5
27. Qf4 Bg7 28. Bxg7 Kxg7 29. Rg3 Rb7 30. Qf6+ Kg8 31. Rf3 Be8
32. Bxa4 Nc4 33. b3 Rb6 34. Qf4 Bxa4 35. Qxf7+ Kh8 36. Rdd3
Bxb3 37. Kc1 Ne5 38. Qe7 Nxd3+ 39. Rxd3 Ba2 40. Kd2 Rb2+
41. Ke1 Qb4+ 42. Qxb4 Rxb4 43. Ke2 Bc4 0-1

[Event "FIDE Online Olympiad"]
[Site "Chess.com"]
[Date "2020.08.15"]
[EventDate "2020.08.14"]
[Round "6"]
[Result "0-1"]
[White "Momchil Petkov"]
[Black "Saparmyrat Atabayev"]
[WhiteElo "1676"]
[BlackElo "2359"]
[PlyCount "90"]

1. d4 d5 2. c4 e5 3. dxe5 d4 4. Nf3 Nc6 5. g3 Be6 6. Nbd2 Qd7
7. Bg2 Nge7 8. O-O Ng6 9. Ng5 Bf5 10. f4 h6 11. Nge4 h5 12. b4
Bxb4 13. Rb1 h4 14. Rxb4 Nxb4 15. Nc5 Bc2 16. Qe1 Qe7 17. Nxb7
hxg3 18. hxg3 Nxa2 19. Nd6+ cxd6 20. Bxa8 O-O 21. Bg2 dxe5
22. f5 Nh8 23. Be4 Bxe4 24. Nxe4 Qb7 25. Ng5 Qb3 26. Kg2 f6
27. Ne6 Rc8 28. Qa5 Qxc4 29. Qxa7 Nf7 30. Bd2 Qxe2+ 31. Rf2
Qe4+ 32. Kh2 Nc3 33. Qa6 Qc6 34. Qd3 Ne4 35. Rg2 Nc5 36. Nxc5
Qxc5 37. g4 Qc4 38. Qg3 Qc2 39. Qh3 Qe4 40. g5 fxg5 41. f6 Rc2
42. Qe6 Qh4+ 43. Kg1 Rxd2 44. Qe8+ Kh7 45. Qxf7 Rd1# 0-1

[Event "FIDE Online Olympiad"]
[Site "Chess.com"]
[Date "2020.08.15"]
[EventDate "2020.08.14"]
[Round "6"]
[Result "0-1"]
[White "Jemal Ovezdurdiyeva"]
[Black "Antoaneta Stefanova"]
[WhiteElo "1924"]
[BlackElo "2461"]
[PlyCount "104"]

1. d4 d5 2. c4 c6 3. Nf3 Nf6 4. e3 Bf5 5. Nc3 e6 6. Bd3 Bxd3
7. Qxd3 Nbd7 8. O-O Bb4 9. a3 Bxc3 10. bxc3 Qa5 11. cxd5 cxd5
12. c4 Qa6 13. Ne5 Nxe5 14. dxe5 Nd7 15. Bb2 Qxc4 16. Qd2 Nc5
17. Rfc1 Nb3 18. Rxc4 Nxd2 19. Rc7 b6 20. Bc3 Nc4 21. Bb4 Nxe5
22. Rac1 Nc4 23. Re7+ Kd8 24. Rxf7 Rg8 25. e4 a5 26. Be1 Nd6
27. Rfc7 Rc8 28. Rxc8+ Nxc8 29. exd5 exd5 30. Rd1 Ne7 31. f3
Kd7 32. Bh4 g5 33. Bf2 Rb8 34. h4 gxh4 35. Bxh4 b5 36. Bxe7
Kxe7 37. Rxd5 b4 38. Rxa5 b3 39. Re5+ Kd6 40. Re1 b2 41. Rb1
Kc5 42. Kf2 Kd4 43. Kg3 Rg8+ 44. Kh4 Rxg2 45. a4 Kc3 46. a5
Kc2 47. Rxb2+ Kxb2 48. f4 Kc3 49. f5 Rg7 50. a6 Kd4 51. f6 Rf7
52. Kg5 Ke5 0-1

[Event "FIDE Online Olympiad"]
[Site "Chess.com"]
[Date "2020.08.15"]
[EventDate "2020.08.14"]
[Round "6"]
[Result "0-1"]
[White "Azat Nurmamedov"]
[Black "Martin Petrov"]
[WhiteElo "1834"]
[BlackElo "2393"]
[PlyCount "80"]

1. e4 c5 2. Nf3 d6 3. d4 cxd4 4. Nxd4 Nf6 5. Nc3 a6 6. Bg5 e6
7. f4 h6 8. Bh4 Qb6 9. a3 Nbd7 10. Bf2 Qc7 11. Bd3 b5 12. O-O
Bb7 13. Qe2 Be7 14. Rae1 Nc5 15. e5 dxe5 16. fxe5 Nfd7 17. Kh1
O-O 18. Bg3 Nxd3 19. cxd3 Rad8 20. Nc2 Nc5 21. d4 Na4 22. Nxa4
bxa4 23. Bf4 Rd7 24. Be3 Bg5 25. Bxg5 hxg5 26. Rd1 Qb6 27. Rd2
Rc8 28. Rfd1 Qxb2 29. Ne3 Qb5 30. Qf2 Rc3 31. Ng4 Rxa3 32. Rb2
Rb3 33. Rxb3 Qxb3 34. Qd2 Bf3 35. gxf3 Qxf3+ 36. Kg1 Qxg4+
37. Kh1 a3 38. Rc1 Qe4+ 39. Qg2 Qxg2+ 40. Kxg2 Rxd4 0-1

[Event "FIDE Online Olympiad"]
[Site "Chess.com"]
[Date "2020.08.15"]
[EventDate "2020.08.14"]
[Round "6"]
[Result "0-1"]
[White "Mark Paragua"]
[Black "Anton Smirnov"]
[WhiteElo "2573"]
[BlackElo "2367"]
[PlyCount "74"]

1. Nf3 d5 2. g3 g6 3. Bg2 Bg7 4. d4 Nf6 5. O-O c6 6. c4 dxc4
7. a4 Ne4 8. Qc2 Nd6 9. Nbd2 O-O 10. a5 Be6 11. Ng5 Bg4
12. Ngf3 Na6 13. h3 Be6 14. Rd1 c5 15. dxc5 Nxc5 16. Ng5 Qc8
17. Nxe6 Qxe6 18. Ra3 Rad8 19. Re3 Qf5 20. Qxf5 Nxf5 21. Ra3
Nb3 22. Rxb3 cxb3 23. Re1 Bxb2 24. Nxb3 Bc3 25. Rf1 b6
26. axb6 axb6 27. e3 b5 28. Nc5 b4 29. Be4 Rc8 30. Nb3 Rfd8
31. g4 Nd6 32. Bf3 Nc4 33. Kg2 Bd2 34. Be2 Bxc1 35. Rxc1 Na3
36. Re1 Rc3 37. Nd4 b3 0-1

[Event "FIDE Online Olympiad"]
[Site "Chess.com"]
[Date "2020.08.15"]
[EventDate "2020.08.14"]
[Round "6"]
[Result "0-1"]
[White "Cassandra Lim"]
[Black "Kylen Joy Mordido"]
[WhiteElo "1493"]
[BlackElo "1923"]
[PlyCount "130"]

1. d4 Nf6 2. c4 c5 3. d5 b5 4. Qc2 g6 5. e4 d6 6. cxb5 Bg7
7. Nc3 a6 8. Nf3 O-O 9. a4 Nbd7 10. Be2 axb5 11. Nxb5 Ba6
12. Ra3 Qb6 13. O-O Rfc8 14. Be3 h6 15. Nd2 Qd8 16. f4 Ne8
17. Nc4 Rcb8 18. Rb3 Nc7 19. Nca3 Nb6 20. a5 Nd7 21. Bd2 Nxb5
22. Nxb5 Qc8 23. Rff3 c4 24. Qxc4 Qxc4 25. Bxc4 Nc5 26. Rb4
Nxe4 27. Be1 Rc8 28. Na3 f5 29. h3 Rc5 30. Rfb3 Bxc4 31. Nxc4
Kf7 32. Rd3 g5 33. fxg5 hxg5 34. Bf2 Rc7 35. Rf3 Kg6 36. Bb6
Rcc8 37. Ra3 Be5 38. a6 Bf4 39. a7 e6 40. Be3 exd5 41. Nb6
Bxe3+ 42. Rxe3 Rc1+ 43. Kh2 Rxa7 44. Ra3 Rb7 45. Nxd5 Rxb4
46. Nxb4 f4 47. Rf3 Ng3 48. Rxg3 fxg3+ 49. Kxg3 Rc4 50. Nd3
Kf5 51. Kf3 d5 52. g4+ Kf6 53. Ke3 Ke6 54. b4 Re4+ 55. Kf3 Kd6
56. Kf2 Re8 57. Kf3 d4 58. Nc5 Kd5 59. Na6 Kc4 60. b5 Re3+
61. Kf2 Kxb5 62. Nc7+ Kc4 63. Kg2 d3 64. Kf2 Re7 65. Na6 d2
0-1

[Event "FIDE Online Olympiad"]
[Site "Chess.com"]
[Date "2020.08.15"]
[EventDate "2020.08.14"]
[Round "6"]
[Result "0-1"]
[White "Lennert Lenaerts"]
[Black "Novendra Priasmoro"]
[WhiteElo "2350"]
[BlackElo "2312"]
[PlyCount "82"]

1. d4 Nf6 2. c4 g6 3. Nc3 Bg7 4. e4 d6 5. f3 O-O 6. Be3 e5
7. Nge2 c6 8. Qd2 Re8 9. d5 a6 10. g4 b5 11. Ng3 bxc4 12. Bxc4
Bb7 13. Rd1 cxd5 14. Nxd5 Nxd5 15. Bxd5 Nc6 16. Kf2 Rb8 17. h4
Nd4 18. Bxb7 Rxb7 19. Ne2 d5 20. Nxd4 exd4 21. Bxd4 dxe4
22. Bxg7 Qxd2+ 23. Rxd2 e3+ 24. Kg3 exd2 25. Bc3 Re1 26. Rxe1
dxe1=Q+ 27. Bxe1 Rxb2 28. a4 Ra2 29. a5 f6 30. Bc3 Kf7 31. Kf4
Ke6 32. h5 gxh5 33. gxh5 Rh2 34. Kg4 Rg2+ 35. Kh3 Rc2 36. Bd4
Kf5 37. Kg3 Rc4 38. Be3 Ra4 39. Bd2 Ra2 40. Bc3 Kg5 41. f4+
Kf5 0-1